Нормален изглед
MARC изглед
- Davis, Douglas
Вход 01. Лично име
001 - Контролен номер на записа
- Контролно поле: 352421
003 - Код на организацията, даваща контролен номер
- Контролно поле: BLK
005 - Дата и час на последна промяна на записа
- Контролно поле: 20180421002034.0
008 - Данни с фиксирана дължина – обща информация
- Данни с фиксирана дължина : 180421|| aca||aabn | a|a d
100 ## - ИМЕ НА ЛИЦЕ -ПЪРВИЧНА ИНТЕЛЕКТУАЛНА ОТГОВОРНОСТ
- Лично име: Davis, Douglas
- Ключова дума за отношение: texte de
942 ## - Системна служебна употреба
- Koha auth type: PERSO_NAME